<?xml version="1.0" encoding="UTF-8"?>
<record
    xmlns:xsi="http://www.w3.org/2001/XMLSchema-instance"
    xsi:schemaLocation="http://www.loc.gov/MARC21/slim http://www.loc.gov/standards/marcxml/schema/MARC21slim.xsd"
    xmlns="http://www.loc.gov/MARC21/slim">

  <leader>00828nam a2200253Ia 4500</leader>
  <controlfield tag="005">20230222113221.0</controlfield>
  <controlfield tag="008">210716s2018    xx            000 0 und d</controlfield>
  <datafield tag="020" ind1=" " ind2=" ">
    <subfield code="a">9789332586703</subfield>
  </datafield>
  <datafield tag="040" ind1=" " ind2=" ">
    <subfield code="c">AIMIT LIBRARY</subfield>
  </datafield>
  <datafield tag="041" ind1=" " ind2=" ">
    <subfield code="a">eng</subfield>
  </datafield>
  <datafield tag="082" ind1=" " ind2=" ">
    <subfield code="a">658.56 HEIJ</subfield>
    <subfield code="2">12</subfield>
    <subfield code="b">HEIJ</subfield>
  </datafield>
  <datafield tag="100" ind1=" " ind2=" ">
    <subfield code="a">Heizer, Jay.</subfield>
    <subfield code="9">72864</subfield>
  </datafield>
  <datafield tag="245" ind1=" " ind2=" ">
    <subfield code="a">Operations management:: </subfield>
    <subfield code="b">sustainability and supply chain management /</subfield>
    <subfield code="c">By Jay Heizer ... [et.al.].  </subfield>
  </datafield>
  <datafield tag="250" ind1=" " ind2=" ">
    <subfield code="a">12th ed.</subfield>
  </datafield>
  <datafield tag="260" ind1=" " ind2=" ">
    <subfield code="a">New Delhi :</subfield>
    <subfield code="b">Pearson Education ,</subfield>
    <subfield code="c">2018.</subfield>
  </datafield>
  <datafield tag="300" ind1=" " ind2=" ">
    <subfield code="a">xxix,724,I27 p.;</subfield>
    <subfield code="b">PB</subfield>
    <subfield code="c">26 cm.</subfield>
  </datafield>
  <datafield tag="650" ind1=" " ind2=" ">
    <subfield code="a">Operations and productivity</subfield>
    <subfield code="9">72865</subfield>
  </datafield>
  <datafield tag="650" ind1=" " ind2=" ">
    <subfield code="a">Project management</subfield>
    <subfield code="9">72866</subfield>
  </datafield>
  <datafield tag="650" ind1=" " ind2=" ">
    <subfield code="a">Designing operations</subfield>
    <subfield code="9">72867</subfield>
  </datafield>
  <datafield tag="700" ind1=" " ind2=" ">
    <subfield code="a">Render, Barry.</subfield>
    <subfield code="9">72868</subfield>
  </datafield>
  <datafield tag="700" ind1=" " ind2=" ">
    <subfield code="a">Munson, Chuck.</subfield>
    <subfield code="9">72869</subfield>
  </datafield>
  <datafield tag="700" ind1=" " ind2=" ">
    <subfield code="a">Sachan, AMIT.</subfield>
    <subfield code="9">72870</subfield>
  </datafield>
  <datafield tag="942" ind1=" " ind2=" ">
    <subfield code="2">ddc</subfield>
    <subfield code="c">BK</subfield>
    <subfield code="e">12</subfield>
    <subfield code="k">658.56 HEIJ</subfield>
  </datafield>
  <datafield tag="999" ind1=" " ind2=" ">
    <subfield code="c">210954</subfield>
    <subfield code="d">210954</subfield>
  </datafield>
  <datafield tag="952" ind1=" " ind2=" ">
    <subfield code="0">0</subfield>
    <subfield code="1">0</subfield>
    <subfield code="2">ddc</subfield>
    <subfield code="4">0</subfield>
    <subfield code="7">0</subfield>
    <subfield code="8">MBA</subfield>
    <subfield code="a">AIMIT</subfield>
    <subfield code="b">AIMIT</subfield>
    <subfield code="d">2019-03-06</subfield>
    <subfield code="g">779.00</subfield>
    <subfield code="i">Bill no:5202; Bill dt:2019-02-28</subfield>
    <subfield code="l">1</subfield>
    <subfield code="o">658.56 HEIJ</subfield>
    <subfield code="p">MBA13522</subfield>
    <subfield code="r">2026-05-23 00:00:00</subfield>
    <subfield code="s">2022-06-21</subfield>
    <subfield code="v">623.20</subfield>
    <subfield code="w">2021-07-16</subfield>
    <subfield code="y">BK</subfield>
  </datafield>
  <datafield tag="952" ind1=" " ind2=" ">
    <subfield code="0">0</subfield>
    <subfield code="1">0</subfield>
    <subfield code="2">ddc</subfield>
    <subfield code="4">0</subfield>
    <subfield code="7">0</subfield>
    <subfield code="8">MBA</subfield>
    <subfield code="a">AIMIT</subfield>
    <subfield code="b">AIMIT</subfield>
    <subfield code="d">2019-03-06</subfield>
    <subfield code="g">779.00</subfield>
    <subfield code="i">Bill no:5202; Bill dt:2019-02-28</subfield>
    <subfield code="l">6</subfield>
    <subfield code="o">658.56 HEIJ</subfield>
    <subfield code="p">MBA13523</subfield>
    <subfield code="r">2026-05-23 00:00:00</subfield>
    <subfield code="s">2025-05-06</subfield>
    <subfield code="v">623.20</subfield>
    <subfield code="w">2021-07-16</subfield>
    <subfield code="y">BK</subfield>
  </datafield>
  <datafield tag="952" ind1=" " ind2=" ">
    <subfield code="0">0</subfield>
    <subfield code="1">0</subfield>
    <subfield code="2">ddc</subfield>
    <subfield code="4">0</subfield>
    <subfield code="7">0</subfield>
    <subfield code="8">MBA</subfield>
    <subfield code="a">AIMIT</subfield>
    <subfield code="b">AIMIT</subfield>
    <subfield code="d">2019-03-06</subfield>
    <subfield code="g">779.00</subfield>
    <subfield code="i">Bill no:5202; Bill dt:2019-02-28</subfield>
    <subfield code="l">3</subfield>
    <subfield code="o">658.56 HEIJ</subfield>
    <subfield code="p">MBA13524</subfield>
    <subfield code="r">2026-05-23 00:00:00</subfield>
    <subfield code="s">2026-01-14</subfield>
    <subfield code="v">623.20</subfield>
    <subfield code="w">2021-07-16</subfield>
    <subfield code="y">BK</subfield>
  </datafield>
  <datafield tag="952" ind1=" " ind2=" ">
    <subfield code="0">0</subfield>
    <subfield code="1">0</subfield>
    <subfield code="2">ddc</subfield>
    <subfield code="4">0</subfield>
    <subfield code="7">0</subfield>
    <subfield code="8">MBA</subfield>
    <subfield code="a">AIMIT</subfield>
    <subfield code="b">AIMIT</subfield>
    <subfield code="d">2019-03-06</subfield>
    <subfield code="g">779.00</subfield>
    <subfield code="i">Bill no:5202; Bill dt:2019-02-28</subfield>
    <subfield code="l">12</subfield>
    <subfield code="o">658.56 HEIJ</subfield>
    <subfield code="p">MBA13525</subfield>
    <subfield code="r">2026-05-23 00:00:00</subfield>
    <subfield code="s">2025-05-17</subfield>
    <subfield code="v">623.20</subfield>
    <subfield code="w">2021-07-16</subfield>
    <subfield code="y">BK</subfield>
  </datafield>
  <datafield tag="952" ind1=" " ind2=" ">
    <subfield code="0">0</subfield>
    <subfield code="1">0</subfield>
    <subfield code="2">ddc</subfield>
    <subfield code="4">0</subfield>
    <subfield code="7">3</subfield>
    <subfield code="8">MBA</subfield>
    <subfield code="a">AIMIT</subfield>
    <subfield code="b">AIMIT</subfield>
    <subfield code="d">2019-03-06</subfield>
    <subfield code="g">779.00</subfield>
    <subfield code="i">Bill no:5202; Bill dt:2019-02-28</subfield>
    <subfield code="l">0</subfield>
    <subfield code="o">658.56 HEIJ</subfield>
    <subfield code="p">MBA13526</subfield>
    <subfield code="r">2025-07-21 00:00:00</subfield>
    <subfield code="v">623.20</subfield>
    <subfield code="w">2021-07-16</subfield>
    <subfield code="y">BK</subfield>
  </datafield>
  <datafield tag="952" ind1=" " ind2=" ">
    <subfield code="0">0</subfield>
    <subfield code="1">0</subfield>
    <subfield code="2">ddc</subfield>
    <subfield code="4">0</subfield>
    <subfield code="7">0</subfield>
    <subfield code="8">MBA</subfield>
    <subfield code="a">AIMIT</subfield>
    <subfield code="b">AIMIT</subfield>
    <subfield code="d">2019-03-06</subfield>
    <subfield code="g">779.00</subfield>
    <subfield code="i">Bill no:5202; Bill dt:2019-02-28</subfield>
    <subfield code="l">0</subfield>
    <subfield code="o">658.56 HEIJ</subfield>
    <subfield code="p">MBA13527</subfield>
    <subfield code="r">2026-05-23 00:00:00</subfield>
    <subfield code="v">623.20</subfield>
    <subfield code="w">2021-07-16</subfield>
    <subfield code="y">BK</subfield>
  </datafield>
  <datafield tag="952" ind1=" " ind2=" ">
    <subfield code="0">0</subfield>
    <subfield code="1">0</subfield>
    <subfield code="2">ddc</subfield>
    <subfield code="4">0</subfield>
    <subfield code="7">0</subfield>
    <subfield code="8">MBA</subfield>
    <subfield code="a">AIMIT</subfield>
    <subfield code="b">AIMIT</subfield>
    <subfield code="d">2019-03-06</subfield>
    <subfield code="g">779.00</subfield>
    <subfield code="i">Bill no:5202; Bill dt:2019-02-28</subfield>
    <subfield code="l">9</subfield>
    <subfield code="o">658.56 HEIJ</subfield>
    <subfield code="p">MBA13528</subfield>
    <subfield code="r">2026-05-23 00:00:00</subfield>
    <subfield code="s">2025-05-03</subfield>
    <subfield code="v">623.20</subfield>
    <subfield code="w">2021-07-16</subfield>
    <subfield code="y">BK</subfield>
  </datafield>
  <datafield tag="952" ind1=" " ind2=" ">
    <subfield code="0">0</subfield>
    <subfield code="1">0</subfield>
    <subfield code="2">ddc</subfield>
    <subfield code="4">0</subfield>
    <subfield code="7">0</subfield>
    <subfield code="8">MBA</subfield>
    <subfield code="a">AIMIT</subfield>
    <subfield code="b">AIMIT</subfield>
    <subfield code="d">2019-03-06</subfield>
    <subfield code="g">779.00</subfield>
    <subfield code="i">Bill no:5202; Bill dt:2019-02-28</subfield>
    <subfield code="l">4</subfield>
    <subfield code="o">658.56 HEIJ</subfield>
    <subfield code="p">MBA13529</subfield>
    <subfield code="r">2026-05-23 00:00:00</subfield>
    <subfield code="s">2023-06-10</subfield>
    <subfield code="v">623.20</subfield>
    <subfield code="w">2021-07-16</subfield>
    <subfield code="y">BK</subfield>
  </datafield>
  <datafield tag="952" ind1=" " ind2=" ">
    <subfield code="0">0</subfield>
    <subfield code="1">0</subfield>
    <subfield code="2">ddc</subfield>
    <subfield code="4">0</subfield>
    <subfield code="7">0</subfield>
    <subfield code="8">MBA</subfield>
    <subfield code="a">AIMIT</subfield>
    <subfield code="b">AIMIT</subfield>
    <subfield code="d">2019-03-06</subfield>
    <subfield code="g">779.00</subfield>
    <subfield code="i">Bill no:5202; Bill dt:2019-02-28</subfield>
    <subfield code="l">8</subfield>
    <subfield code="o">658.56 HEIJ</subfield>
    <subfield code="p">MBA13530</subfield>
    <subfield code="r">2026-05-23 00:00:00</subfield>
    <subfield code="s">2025-05-16</subfield>
    <subfield code="v">623.20</subfield>
    <subfield code="w">2021-07-16</subfield>
    <subfield code="y">BK</subfield>
  </datafield>
  <datafield tag="952" ind1=" " ind2=" ">
    <subfield code="0">0</subfield>
    <subfield code="1">0</subfield>
    <subfield code="2">ddc</subfield>
    <subfield code="4">0</subfield>
    <subfield code="7">0</subfield>
    <subfield code="8">MBA</subfield>
    <subfield code="a">AIMIT</subfield>
    <subfield code="b">AIMIT</subfield>
    <subfield code="d">2019-03-06</subfield>
    <subfield code="g">779.00</subfield>
    <subfield code="i">Bill no:5202; Bill dt:2019-02-28</subfield>
    <subfield code="l">3</subfield>
    <subfield code="o">658.56 HEIJ</subfield>
    <subfield code="p">MBA13531</subfield>
    <subfield code="r">2026-05-23 00:00:00</subfield>
    <subfield code="s">2023-08-17</subfield>
    <subfield code="v">623.20</subfield>
    <subfield code="w">2021-07-16</subfield>
    <subfield code="y">BK</subfield>
  </datafield>
  <datafield tag="952" ind1=" " ind2=" ">
    <subfield code="0">0</subfield>
    <subfield code="1">0</subfield>
    <subfield code="2">ddc</subfield>
    <subfield code="4">0</subfield>
    <subfield code="7">0</subfield>
    <subfield code="8">MBA</subfield>
    <subfield code="a">AIMIT</subfield>
    <subfield code="b">AIMIT</subfield>
    <subfield code="d">2023-02-20</subfield>
    <subfield code="e">Biblios Book Point</subfield>
    <subfield code="g">900.00</subfield>
    <subfield code="i">Bill no:7894; Bill dt:2023-02-15</subfield>
    <subfield code="l">0</subfield>
    <subfield code="o">658.56 HEIJ </subfield>
    <subfield code="p">MBA14500</subfield>
    <subfield code="r">2026-05-23 00:00:00</subfield>
    <subfield code="v">720.00</subfield>
    <subfield code="w">2023-02-22</subfield>
    <subfield code="y">BK</subfield>
  </datafield>
  <datafield tag="952" ind1=" " ind2=" ">
    <subfield code="0">0</subfield>
    <subfield code="1">0</subfield>
    <subfield code="2">ddc</subfield>
    <subfield code="4">0</subfield>
    <subfield code="7">0</subfield>
    <subfield code="8">MBA</subfield>
    <subfield code="a">AIMIT</subfield>
    <subfield code="b">AIMIT</subfield>
    <subfield code="d">2023-02-20</subfield>
    <subfield code="e">Biblios Book Point</subfield>
    <subfield code="g">900.00</subfield>
    <subfield code="i">Bill no:7894; Bill dt:2023-02-15</subfield>
    <subfield code="l">0</subfield>
    <subfield code="o">658.56 HEIJ </subfield>
    <subfield code="p">MBA14501</subfield>
    <subfield code="r">2026-05-23 00:00:00</subfield>
    <subfield code="v">720.00</subfield>
    <subfield code="w">2023-02-22</subfield>
    <subfield code="y">BK</subfield>
  </datafield>
</record>
